|
|
|
|
| LEADER |
00000nam a22000007a 4500 |
| 005 |
20151110121612.0 |
| 007 |
cr|||| ||u| |
| 008 |
151110s19912015-usdr|nos|||| 0|||a1eng d |
| 022 |
|
|
|a 1096-7214
|
| 035 |
|
|
|a 2876
|
| 040 |
|
|
|a vLex
|
| 090 |
|
|
|c 5697
|d 5697
|
| 245 |
1 |
0 |
|a Real Estate Weekly
|h [Recurso electrn̤ico] /
|c Hagedorn Publication
|
| 256 |
|
|
|a Servicio en ln̕ea
|
| 260 |
|
|
|a Estados Unidos
|b Hagedorn Publication
|c 1991-2015
|
| 300 |
|
|
|a 1 recurso electrn̤ico
|
| 506 |
1 |
|
|a Contenido solo disponible en los productos indicados
|d vLex Global
|d vLex Global (Academic Edition, excluding Law Schools)
|d vLex Global (U.S. Academic Edition, Law Schools)
|d vLex Global (U.S. Academic Edition, excluding Law Schools)
|d vLex Global (Academic Edition, Law Schools)
|
| 650 |
0 |
4 |
|a Noticias
|z Estados Unidos
|
| 740 |
0 |
|
|a vLex revista (servicio en ln̕ea)
|
| 856 |
4 |
0 |
|u http://vlex.com/source/real-estate-weekly-2876
|z Acceso restringido
|
| 942 |
|
|
|c REV
|
| 999 |
0 |
|
|a News
|